000 00905nam a22002297a 4500
999 _c12043
_d12043
003 AR-CdUCM
008 190405b ||||| |||| 00| 0 spa d
040 _aMUNICIPALIDAD PROVINCIAL DEL CUSCO
_cBIBLIOTECA MUNICIPAL DEL CUSCO
082 _a708.85 /
_bC552 / 1950
110 _aInstituto de investigaciones de arte Peruano y Americano
_929620
245 _aChiguata y su iglesia del Espíritu Santo :
260 _aLima :
_bPublicaciones del instituto de investigaciones e arte Peruano y americano,
_c1950.
300 _a26 paginas ;
_bIlustraciones,
_c21 cm.
440 _aDocumentos del arte Peruano
_nXI
_929702
505 _aContenido : Ubicación geográfica de Chiguata -- Historial de Chiguata -- Fundación Dominica.
650 _aReligión
_91195
650 _aIglesia
_91428
650 _aCreencias
_96184
650 _aDominicos
_94169
942 _2ddc
_cLIBROS
945 _awnts
_d2019-04-05